Online
Catalog

La construccion de Prometeo : (Record no. 11942)

MARC details
000 -CABECERA
campo de control de longitud fija 00751nam a2200193 a 4500
001 - NÚMERO DE CONTROL
campo de control 000012285
005 - FECHA Y HORA DE LA ÚLTIMA TRANSACCIÓN
campo de control 20200929162758.0
008 - DATOS DE LONGITUD FIJA--INFORMACIÓN GENERAL
campo de control de longitud fija 940525s1993 pe a b 000 0 spa
010 ## - NÚMERO DE CONTROL DE LA BIBLIOTECA DEL CONGRESO
Número de control de LC 94163787
040 ## - FUENTE DE LA CATALOGACIÓN
Centro catalogador/agencia de origen DO-SdBNP
Lengua de catalogación spa
Centro/agencia transcriptor BNPHU
082 ## - NÚMERO DE LA CLASIFICACIÓN DECIMAL DEWEY
Número de clasificación 370.115098
-- P171c
100 2# - ENTRADA PRINCIPAL--NOMBRE DE PERSONA
Nombre de persona Palma R., Diego.
9 (RLIN) 28932
245 13 - MENCIÓN DE TÍTULO
Título La construccion de Prometeo :
Resto del título educación para una democracia Latinoamericana /
Mención de responsabilidad, etc. Diego Palma.
260 ## - PUBLICACIÓN, DISTRIBUCIÓN, ETC.
Lugar de publicación, distribución, etc. Santiago de Chile :
Nombre del editor, distribuidor, etc. Consejo de Educacion de Adultos de America Latina ;
Lugar de publicación, distribución, etc. Lima :
Nombre del editor, distribuidor, etc. TAREA,
Fecha de publicación, distribución, etc. 1993.
300 ## - DESCRIPCIÓN FÍSICA
Extensión 278 p. :
Otras características físicas ill. ;
Dimensiones 21 cm.
504 ## - NOTA DE BIBLIOGRAFÍA, ETC.
Nota de bibliografía, etc. Includes bibliographical references (p. 267-278).
650 #4 - PUNTO DE ACCESO ADICIONAL DE MATERIA--TÉRMINO DE MATERIA
Término de materia o nombre geográfico como elemento de entrada Educación popular
Subdivisión geográfica América Latina
9 (RLIN) 28933
650 #4 - PUNTO DE ACCESO ADICIONAL DE MATERIA--TÉRMINO DE MATERIA
Término de materia o nombre geográfico como elemento de entrada Autonomía en la educación
Subdivisión geográfica América Latina
9 (RLIN) 28934
Holdings
Estado de retiro Estado de pérdida Restricciones de uso No para préstamo Código de colección Localización permanente Ubicación/localización actual Ubicación en estantería Fecha de adquisición Número de inventario Total de préstamos Signatura topográfica completa Código de barras Fecha visto por última vez Precio válido a partir de Tipo de ítem Koha
    Préstamo interno   Monografías: Libros y Folletos General General En catalogación 10.11.2009 LF1   370.115098 P171c 12285-10 25.06.2020 25.06.2020 Préstamo interno

Powered by Koha